Đánh giá diễn biến một số chỉ tiêu lý hóa đất trong và ngoài đê bao khép kín tỉnh An Giang : Luận văn tốt nghiệp Cao học. Chuyên ngành Khoa học môi trường
Theo dõi, đánh giá diễn biến một số chỉ tiêu lý hóa đất trong và ngoài đê bao khép kín tỉnh An Giang
Tallennettuna:
| Päätekijä: | |
|---|---|
| Aineistotyyppi: | Kirja |
| Kieli: | Undetermined |
| Julkaistu: |
Cần Thơ
Trường Đại học Cần Thơ
2016
|
| Aiheet: | |
| Tagit: |
Lisää tagi
Ei tageja, Lisää ensimmäinen tagi!
|
| Thư viện lưu trữ: | Trung tâm Học liệu Trường Đại học Cần Thơ |
|---|
| LEADER | 01030nam a2200217Ia 4500 | ||
|---|---|---|---|
| 001 | CTU_213477 | ||
| 008 | 210402s9999 xx 000 0 und d | ||
| 082 | |a 631.4 | ||
| 082 | |b Ch125 | ||
| 088 | |a 60440301 | ||
| 100 | |a Nguyễn, Thị Hồng Châu | ||
| 245 | 0 | |a Đánh giá diễn biến một số chỉ tiêu lý hóa đất trong và ngoài đê bao khép kín tỉnh An Giang : | |
| 245 | 0 | |b Luận văn tốt nghiệp Cao học. Chuyên ngành Khoa học môi trường | |
| 245 | 0 | |c Nguyễn Thị Hồng Châu ; Nguyễn Hữu Chiếm (Cán bộ hướng dẫn) | |
| 260 | |a Cần Thơ | ||
| 260 | |b Trường Đại học Cần Thơ | ||
| 260 | |c 2016 | ||
| 520 | |a Theo dõi, đánh giá diễn biến một số chỉ tiêu lý hóa đất trong và ngoài đê bao khép kín tỉnh An Giang | ||
| 650 | |a Soil science,Khoa học đất | ||
| 904 | |i Nguyên | ||
| 980 | |a Trung tâm Học liệu Trường Đại học Cần Thơ | ||